Sports Quiz

Random Sports Quiz

NFL Single Season INT by a QB Quiz Stats

 Plays Quiz not verified by Sporcle

Support Sporcle.
Go Orange.
Score 0/11 Timer 10:00
0 Plays Today
# of interceptions QB % Correct
32Fran Tarkenton
90.9%
35Vinnie Testaverde
84.4%
30Ken Stabler
81.8%
42George Blanda
70.1%
30George Blanda
70.1%
31Sid Luckman
61%
32John Hadl
51.9%
30Jim Hart
50.6%
30Richard Todd
49.4%
32Frank Tripucka
19.5%
30Al Dorow
11.7%

You're not logged in!

Compare scores with friends on all Sporcle quizzes.
OR
Log In

From the Vault

Things the Backstreet Boys 'Don't Care About'

by vanillabean

Backstreet Boys? Is that the one with Justin Timnerlake or Lilam Payne?

You Might Also Like...

Remove Ads.
Support Sporcle.
Get the best of Sporcle when you Go Orange. This ad-free experience offers more features, more stats, and more fun while also helping to support Sporcle. Thank you for becoming a member.

Show Comments

Extras

Created Feb 10, 2011ReportNominate
Tags:Interceptions Thrown

Top Quizzes Today


Score Distribution

Your Account Isn't Verified!

In order to create a playlist on Sporcle, you need to verify the email address you used during registration. Go to your Sporcle Settings to finish the process.

Report this User

Report this user for behavior that violates our Community Guidelines.

Details: